000 01062cam a2200289 a 4500
999 _c2935
_d2935
001 3528226
003 OSt
005 20191017085742.0
008 961115s1997 nyua b 001 0 eng
010 _a 96077396
020 _a0070521824
040 _aDLC
_cDLC
_dDLC
050 0 0 _aQA76.758
_b.P75 1997
082 0 0 _a621.39 PRE 1997
_221
100 1 _aPressman, Roger S.
_96329
245 1 0 _aSoftware Engineering :
_ba practitioner's approach
250 _a4th ed.
260 _aNew York :
_bMcGraw-Hill,
_c1997.
300 _axxvii, 852 p. :
_bill. ;
_c25 cm.
504 _aIncludes bibliographical references and index.
650 0 _aSoftware engineering.
_9565
856 4 2 _3Publisher description
_uhttp://www.loc.gov/catdir/enhancements/fy0602/96077396-d.html
856 4 1 _3Table of contents only
_uhttp://www.loc.gov/catdir/enhancements/fy0602/96077396-t.html
906 _a7
_bcbc
_corignew
_d2
_eopcn
_f19
_gy-gencatlg
942 _2ddc
_cSLOAN